UK housing review (Record no. 109532)

MARC details
000 -LEADER
fixed length control field 01056cad a22002295a 4500
001 - CONTROL NUMBER
control field E147386
008 - FIXED-LENGTH DATA ELEMENTS--GENERAL INFORMATION
fixed length control field 090507s2009 xxkd f s 000 0 eng d
035 ## - SYSTEM CONTROL NUMBER
System control number (Sirsi) u147386
041 0# - LANGUAGE CODE
Language code of text/sound track or separate title eng
050 04 - LIBRARY OF CONGRESS CALL NUMBER
Classification number 306.3 $2 18
100 1# - MAIN ENTRY--PERSONAL NAME
Personal name Wilcox, Steve
245 00 - TITLE STATEMENT
Title UK housing review
Remainder of title 2008/2009
Medium [electronic resource]
250 ## - EDITION STATEMENT
Edition statement 17th ed.
260 ## - PUBLICATION, DISTRIBUTION, ETC.
Place of publication, distribution, etc. Coventry
Name of publisher, distributor, etc. CIH
Date of publication, distribution, etc. 2009
520 ## - SUMMARY, ETC.
Summary, etc. Online version of this annual report which provides much of the information available in the print version, excluding the articles by leading analysts. Provides key information on the UK housing market, statistics and a range of useful tables. Topics covered include economic trends, house prices, public expenditure plans and rents and revenue spending. Also provides expert commentary on recent policy developments.
521 ## - TARGET AUDIENCE NOTE
Target audience note Advanced
590 ## - LOCAL NOTE (RLIN)
Local note KA
651 #4 - SUBJECT ADDED ENTRY--GEOGRAPHIC NAME
Geographic name United Kingdom
Chronological subdivision
690 ## - LOCAL SUBJECT ADDED ENTRY--TOPICAL TERM (OCLC, RLIN)
Topical term or geographic name as entry element Residential property
9 (RLIN) 6266
856 40 - ELECTRONIC LOCATION AND ACCESS
Uniform Resource Identifier <a href="https://www.ukhousingreview.org.uk/">https://www.ukhousingreview.org.uk/</a>
Public note View the item free of charge at www.ukhousingreview.org.uk...
942 ## - ADDED ENTRY ELEMENTS (KOHA)
Suppress in OPAC 0
Holdings
Withdrawn status Lost status Source of classification or shelving scheme Damaged status Not for loan Home library Current library Shelving location Date acquired Total Checkouts Full call number Barcode Date last seen Copy number Price effective from Koha item type
    Dewey Decimal Classification     Virtual Virtual Online 07/05/2009   ONLINE PUBLICATION 147386-2001 06/08/2019 1 06/08/2019 Book